| 000 | 00443nam a22001697a 4500 | ||
|---|---|---|---|
| 003 | CEME | ||
| 005 | 20210628203946.0 | ||
| 008 | 210106b xxu||||| |||| 00| 0 eng d | ||
| 020 | _a0196113152 | ||
| 040 | _c. | ||
| 082 | _a005.2752 HAR | ||
| 100 |
_aHartley, Stephen J _968018 |
||
| 245 | _aConcurrent programming, the java programming language | ||
| 260 |
_aUSA _bOXFORD UNIVERSITY PRESS _c1998 |
||
| 300 | _aXII, 260P | ||
| 942 |
_cBK _2ddc |
||
| 999 |
_c575683 _d575683 |
||